Statistiques concernant Culture Générale - Série 422

Cliquez ici pour prendre le quiz!

Statistiques générales

  • Ce quiz a été pris 148 fois
  • Le résultat moyen est 6 sur 10

Statistiques - réponses

QuestionRéponse% Correct
Quel vampire de Transylvanie a inspiré de nombreux réalisateurs, dont Francis Ford Coppola ?Dracula
95%
Quel est le prénom de la petite soeur de Venus Williams, vainqueur à Wimbledon en 2009 ?Serena
88%
Quels animaux sont employés dans une brigade cynophile ?Des chiens
80%
Dans quel film de Christophe Barratier entend-on la chanson "Vois sur ton chemin" ?Les Choristes
77%
Selon le titre d'un film de Rob Reiner sorti en 1989, qui Harry rencontre-t-il ?Sally
77%
A quel chanteur-voyageur doit-on le tube des années 60 "Les Elucubrations" ?Antoine
61%
A quel groupe de rock britannique doit-on l'album "Dark Side Of The Moon" en 1973 ?Pink Floyd
61%
La comtesse de Ségur nous raconte "Les Mémoires d'un...Ane
43%
Quel joueur de rugby le commentateur sportif Roger Couderc avait-il surnommé "Casque d'or" dans les années 1970 ?Jean-Pierre Rives
34%
Quelle chanteuse britannique connaît un succès international avec le titre "Babooshka" en 1980 ?Kate Bush
32%

Distribution des résultats

Percentile par nombre de réponses

% des personnes avec chaque résultat

Votre développement - résultats

Vous n’avez pas pris ce quiz